| 000 | 01038 am a22003018a 4500 | ||
|---|---|---|---|
| 001 | 011338339 | ||
| 003 | OSt | ||
| 005 | 20140302112857.0 | ||
| 008 | 900328s1990 xxkak grb 001 0 eng d | ||
| 020 | _a0631172025 | ||
| 040 |
_aUk _cUk |
||
| 082 | 0 | 4 |
_a330.9 _222 _bDAV |
| 100 | 1 |
_aDavis, John, _d1923 September 7- _935039 |
|
| 245 | 1 | 0 |
_aGreening business : _bmanaging for sustainable development / _cJohn Davis ; with a foreword by Ronnie Lessem. |
| 250 | _a1st ed. | ||
| 260 |
_aOxford, United Kingdom : _bBasil Blackwell Ltd., _c1991. |
||
| 300 |
_a215 p. : _bchart, forms ; _c26 cm. |
||
| 490 | 0 | _aDevelopment management | |
| 500 | _aIndex : p. 208-215. | ||
| 500 | _aIncludes appendix. | ||
| 504 | _aIncludes bibliographical references. | ||
| 650 | 0 |
_aEconomic development _xEnvironmental aspects _94783 |
|
| 653 |
_bBUSADM _cFebruary2014 |
||
| 655 |
_vreading book _934232 |
||
| 690 | 7 |
_aManagement and Business Studies _2blcoll |
|
| 700 | 1 |
_935040 _a Lessem, Ronnie _eauthor of introduction, etc. |
|
| 942 |
_2ddc _k330.9 DAV |
||
| 999 |
_c18014 _d17986 |
||